Alle Länder mit Buchstabendopplung - Statistiken

Allgemein
  • Dieses Quiz wurde 579 mal gespielt
    578 seit der letzten Aktualisierung
  • Das Durchschnittsergebnis liegt bei 8 aus 15
Antwortstatistiken
Buchstabe Land % Korrekt
S Russland
87%
T Lettland
76%
E Neuseeland
71%
K Marokko
70%
N Finnland
69%
R Andorra
64%
P Philippinen
63%
R Österreich
49%
L Seychellen
47%
A Vereinigte Staaten
46%
L Marshallinseln
41%
T St. Kitts und Nevis
37%
S Guinea-Bissau
33%
R Sierra Leone
33%
T Osttimor
30%
Keine übereinstimmenden Quizze gefunden
Verteilung der Resultate
Anzahl Personen mit jedem Resultat
Perzentil nach korrekt beantworteten Fragen
Ihre Resultats-Entwicklung
Sie haben dieses Quiz seit der letzten Aktualisierung nicht gespielt